00379nam a2200145Ia 4500008004100000020001500041041001200056082001100068100002000079245005600099260003900155300000800194650001500202700001600217221030s9999 xx 000 0 und d a8177589993 aEnglish a105.23 aL. G. Schiffman 0aConsumer Behaviourcby L. G. Schiffman, L. L. Kanuk bPearson EdcuationaNew Delhic2009 a581 aManagement aL. L. Kanuk